Welcome to the Holygrace Academy Library

Please use search bar below to get started

LILY CHASES LOST DREAMS (Record no. 3663)

MARC details
000 -LEADER
fixed length control field 00352nam a22001457a 4500
020 ## - INTERNATIONAL STANDARD BOOK NUMBER
ISBN 978-93-5103-949-5
082 ## - DEWEY DECIMAL CLASSIFICATION NUMBER
Classification number 823
Item number PUL/L
100 ## - MAIN ENTRY--AUTHOR NAME
Personal name PULFORD, ELIZABETH
245 ## - TITLE STATEMENT
Title LILY CHASES LOST DREAMS
Remainder of title SHORT STORY
260 ## - PUBLICATION, DISTRIBUTION, ETC. (IMPRINT)
Place of publication NEWZEALAND
Name of publisher SCHOLASTIC AUSTRALIA
Year of publication 2012
300 ## - PHYSICAL DESCRIPTION
Number of Pages 88
520 ## - SUMMARY, ETC.
Summary, etc SHORT STORY
650 ## - SUBJECT ADDED ENTRY--TOPICAL TERM
Topical Term SHORT STORY
942 ## - ADDED ENTRY ELEMENTS (KOHA)
Koha item type Books
Holdings
Withdrawn status Lost status Collection code Home library Current library Shelving location Date acquired Source of acquisition Cost, normal purchase price Full call number Accession Number Koha item type
    Fiction Main Library Main Library SHELF 4-G FAIRY TALES,COMICS 09/11/2016 Purchase 250.00 823 PUL/L 09959 Books